BIBLE - Les armes spirituelles du chrétien - Statistiques

Statistiques générales
  • Ce quiz a été pris 78 fois
  • Le résultat moyen est 7 sur 12
Statistiques - réponses
Ephésiens 6 Réponse % Correct
v 14 pour {ceinture};
76%
v 16 de la {foi} ,avec lequel vous pourrez éteindre tous les traits enflammés du malin;
73%
v 17 et l'{épée}
69%
v 16 prenez par-dessus tout cela le {bouclier}
69%
v 17 prenez aussi le {casque}
63%
v 15 mettez pour {chaussure} à vos pieds
60%
v 17 du {salut}
54%
v 14 revêtez la {cuirasse}
52%
v 14 Tenez donc ferme: ayez à vos reins la {vérité}
52%
v 14 de la {justice};
51%
v 17 de l'{Esprit} qui est la parole de Dieu.
46%
v 15 le {zèle} que donne l’Évangile de paix;
43%
Aucun quiz correspondant
Distribution des résultats
% des personnes avec chaque résultat
Percentile par nombre de réponses
Votre historique - résultats
Vous n’avez pas pris ce quiz